Tìm hiểu cơ chế chuyển đổi giao tiếp giữa IPv4/IPv6 và phát triển công cụ giám sát mạng
Tìm hiểu về IPv6 và các công nghệ chuyển đổi giao tiếp từ IPv4 sang IPv6. Mô phỏng cấu hình chuyển đổi giao tiếp từ IPv4 sang IPv6 bằng phần mềm GNS3. Xây dựng công cụ mạng nhỏ bắt và phân tích gói tin dựa trên SharpPcap framework bằng ngôn ngữ C# để hiểu rõ hơn về cấu trúc header gói tin IPv4 cũng...
Saved in:
| Main Author: | |
|---|---|
| Other Authors: | |
| Format: | Book |
| Language: | Vietnamese |
| Published: |
Đà Nẵng
Đại học Sư phạm, Đại học Đà Nẵng
2013
|
| Subjects: | |
| Tags: |
Add Tag
No Tags, Be the first to tag this record!
|
| Institutions: | Mạng thư viện Đại học Đà Nẵng |
|---|
| LEADER | 02108nam a2200409 4500 | ||
|---|---|---|---|
| 001 | 000018414 | ||
| 003 | 14845 | ||
| 005 | 20131114091155.0 | ||
| 008 | 131031s2013 viesd | ||
| 041 | |a vie | ||
| 082 | 1 | 4 | |a 004.62 |b NG-V |
| 100 | 1 | |a Ngô Hoàng Việt | |
| 245 | 1 | |a Tìm hiểu cơ chế chuyển đổi giao tiếp giữa IPv4/IPv6 và phát triển công cụ giám sát mạng |c Ngô Hoàng Việt ; Trần Uyên Trang hướng dẫn |k Khóa luận tốt nghiệp | |
| 260 | |a Đà Nẵng |b Đại học Sư phạm, Đại học Đà Nẵng |c 2013 | ||
| 300 | |a 99 tr. |b mh. |c 29 cm. |e Bản tóm tắt | ||
| 500 | |a Khóa luận tốt nghiệp đại học. Chuyên ngành: Cử nhân Công nghệ thông tin | ||
| 504 | |a Mục lục đầu trang, tài liệu tham khảo tr. 73 - 74, phụ lục [13 tr.] | ||
| 520 | |a Tìm hiểu về IPv6 và các công nghệ chuyển đổi giao tiếp từ IPv4 sang IPv6. Mô phỏng cấu hình chuyển đổi giao tiếp từ IPv4 sang IPv6 bằng phần mềm GNS3. Xây dựng công cụ mạng nhỏ bắt và phân tích gói tin dựa trên SharpPcap framework bằng ngôn ngữ C# để hiểu rõ hơn về cấu trúc header gói tin IPv4 cũng như IPv6. | ||
| 600 | 1 | 4 | |b Vua |c Đinh Tiên Hoàng |
| 650 | 0 | 4 | |a Mạng máy tính |v Khóa luận tốt nghiệp |x Công cụ giám sát |
| 650 | 0 | 4 | |a Giao thức giao tiếp |v Khóa luận tốt nghiệp |x Kiểm tra |
| 653 | |a Mạng máy tính | ||
| 653 | |a Giám sát mạng máy tính | ||
| 653 | |a Khoa Tin học | ||
| 653 | |a IPv4 | ||
| 653 | |a IPv6 | ||
| 700 | 1 | |a Trần Uyên Trang |e Hướng dẫn | |
| OWN | |a LSP | ||
| AVA | |a UDN50 |b LSP |d 004.62 NG-V |e available |t Error 5001 Not defined in file expand_doc_bib_avail. |f 1 |g 0 |h N |i 0 |k 1 | ||
| 999 | |a From the UDN01 | ||
| AVA | |a UDN50 |b LSP |d 004.62 NG-V |e available |t Error 5001 Not defined in file expand_doc_bib_avail. |f 1 |g 0 |h N |i 0 |k 1 | ||
| TYP | |a Monograph | ||
| TYP | |a Printed language | ||
| 980 | |a Mạng thư viện Đại học Đà Nẵng | ||